00581cam a22001817a 4500001001000000003000500010005001700015008004100032010001000073011001000083035001000093040000900103111017300112245001800285260004700303300001000350650003900360000047166CHAP20220329140037.0971013s1966 r 00010 d a46107 a47079 a51220 cCHAP00aReunión de Profesores Latinoamericanos de Biología para la Discusión de Problemas de Entrenamiento en el Biological Sciences Curriculum Study (BSCS). Lima,d1966.10aConclusiones. aLexington, Ma. :bRaytheon Company,c1966. a71 p.14aBiologíaxEstudio y enseñanza.